000 00322nam a22001337a 4500
008 180910b xxu||||| |||| 00| 0 eng d
020 _a0135584531
041 _aeng
080 _2 4 ED
_a339.138
100 _a61
101 _aMAR
245 _aMarketing Mnagemnet And Stretegy A reader
_cKotler.P
942 _2udc
_cBK
999 _c47620
_d47620